[Event "British Universities-ch"]
[Site "Leicester"]
[Date "2024.02.25"]
[Round "?"]
[White "Carpenter Friend, Ben"]
[Black "Ye, David"]
[Result "0-1"]
[WhiteElo "1254"]
[BlackElo "1592"]
[PlyCount "62"]
[EventDate "2024.02.24"]
[EventType "team-swiss (rapid)"]
[EventRounds "9"]
[EventCountry "ENG"]
[SourceTitle "CB11_2024"]
[SourceDate "2024.03.13"]
[SourceVersion "1"]
[SourceVersionDate "2024.03.13"]
[SourceQuality "1"]
[WhiteTeam "Loughborough"]
[BlackTeam "Imperial"]
[WhiteTeamCountry "ENG"]
[BlackTeamCountry "ENG"]

1. d4 Nf6 2. c4 e6 3. Nf3 d5 4. Nc3 c6 5. Bg5 Nbd7 6. e3 Qa5 7. Nd2 Be7 8. Nb3 Qc7 9. cxd5 exd5 10. Bf4 Bd6 11. Bxd6 Qxd6 12. Bd3 0-0 13. Qc2 Re8 14. g4 Nxg4 15. 0-0-0 Nf8 16. Rdg1 Qf6 17. Nd1 Nh6 18. Rg3 Bf5 19. Rhg1 g6 20. Nc5 b6 21. Na6 Rac8 22. Kb1 c5 23. dxc5 bxc5 24. Rf3 Bxd3 25. Rxf6 Bxc2+ 26. Kxc2 Red8 27. Nc3 Kg7 28. Rf4 d4 29. Ne4 Ne6 30. Rf6 Rc6 31. Naxc5 Rxc5+ 0-1